<The> Turbo C Trilogy <A> Complete Library for Turbo C Programmers

Saved in:
Bibliographic Details
Main Author: Bloom, Eric P.
Format: Book
Language:English
Published: [S.l.] Windcrest 1988
Tags: Add Tag
No Tags, Be the first to tag this record!

MARC

LEADER 00000nam a2200000 4500
001 c034267
005 20250526092213.2
041 0 |a eng 
044 |a SK 
245 1 0 |a <The> Turbo C Trilogy  |b <A> Complete Library for Turbo C Programmers  |c Eric P. Bloom 
264 1 |a [S.l.]  |b Windcrest  |c 1988 
300 |a 606 s. 
100 1 |a Bloom, Eric P.